000 00669nam a2200241Ia 4500
005 20250425162607.0
008 250425s9999 xx 000 0 und d
020 _a9978417044
041 _aspa
082 _a327.1
100 _aYEPEZ HOLGUIN, GALO
245 0 _aLOS NUEVOS LINEAMIENTOS DE LA POLITICA EXTERIOR ECUATORIANA
250 _a1A ED.
260 _aEcuador
_bASOCIACION DE FUNCIONARIOS Y EMPLEADOS DEL SERVICIO EXTERIOR ECUATORIANO (AFESE)
_c2001
260 _aS.L.
300 _a100
650 _aECUADOR
650 _aPOLITICA EXTERIOR
650 _aRELACIONES INTERNACIONALES
650 _aTRATADO DE PAZ
942 _c01
010 _a88125
999 _c232433
_d232433